Most Popular Pizza Toppings - Statistics

General Stats
  • This quiz has been taken 4,178 times
    4,170 since last reset
  • The average score is 6 of 10
Answer Stats
Rank Topping % Correct
1 Cheese (Extra Cheese)
97%
2 Pepperoni
92%
4 Green Peppers
87%
5 Onions
76%
7 Sliced Mushrooms
75%
3 Sausage
74%
6 Black Olives
65%
10 BBQ Chicken
56%
8 Broccoli
13%
9 Artichoke
11%
No matching quizzes found
Score Distribution
Percent of People with Each Score
Percentile by Number Answered
Your Score History
You have not taken this quiz since the last reset